000 00533nam a2200205Ia 4500
005 20260429112207.0
008 260429s9999||||xx |||||||||||||| ||und||
020 _a9789356814011
041 _aEnglish
082 _a540
_bGKP
100 _aGKP
245 0 _aGate 2025 :
_bchemistry - solved papers 2000-2024 /
_cGKP
250 _a1st ed.
260 _aHaryana :
_bG K Publications (P) Ltd,
_c2025.
300 _axx, p.; pbk
650 _a Competitive examinations
650 _a GATE
650 _aChemistry
942 _cTB
999 _c52820
_d52820